Ode in honorem clarissimo, doctissimo, celeberrimoque viro Michaeli Járossy gymnasii evangelico-augustani schemniciensis rectori et professori primario dum natalem, firma valentudine et hilari vultu

Bibliographic Details
Main Author: Rohony, Georgium, 1773-1831 (Author)
Format: Book
Language:Latin
Published: Schemnicii Francisci Joannis Sulzer 1791
Edition:[1. vyd.]
Subjects:

MARC

LEADER 00000nam a2200000 a 4500
001 vtls008841777
003 SK-MaSNL
005 20260311084051.0
008 240318 1791 000 0 lat
015 |a SNBHFA 
020 |q (viaz.) 
040 |a SNK  |b slo  |c SNK  |e AACR2 
041 0 |a lat 
044 |a xo  |c SK 
100 |a Rohony, Georgium,  |d 1773-1831  |4 aut  |9 606645 
245 1 0 |a Ode in honorem clarissimo, doctissimo, celeberrimoque viro Michaeli Járossy  |b gymnasii evangelico-augustani schemniciensis rectori et professori primario dum natalem, firma valentudine et hilari vultu 
250 |a [1. vyd.] 
260 |a Schemnicii  |b Francisci Joannis Sulzer  |c 1791 
655 7 |a príležitostné tlače  |2 SNKPH  |9 281484 
752 |a Slovensko  |d Banská Štiavnica 
958 |a ONDV 
999 |c 911024  |d 912954 
952 |a SNK  |b SNK  |y PREZ  |7 0  |p 17A0509030  |o snkOSA 811  |i snk2006/16719  |8 1  |0 0  |1 0  |4 0  |d 2006-08-24  |l 0  |r 2026-02-24 07:43:06  |w 2026-02-24